| 000 | 01157cam a2200313Ia 4500 | ||
|---|---|---|---|
| 999 |
_c3849 _d3849 |
||
| 001 | 24818278 | ||
| 003 | OCoLC | ||
| 005 | 20181123110226.0 | ||
| 008 | 911120s1991 ohua 000 0 eng d | ||
| 010 | _a91061562 | ||
| 020 |
_a1877678171 : _c$10.00 |
||
| 040 |
_aZNM _cZNM _dOCL _dDAY |
||
| 082 |
_a322.10 _bT316W |
||
| 092 | _a[B] | ||
| 100 | 1 | _aTereli︠a︡, Ĭosyp | |
| 245 | 1 | 0 |
_aJosyp Terelya : _bwitness to apparitions and persecution in the USSR / _can autobiography by Josyp Terelya with Michael H. Brown |
| 260 |
_aMilford, Ohio : _bFaith Publishing Co. for The Riehle Foundation, _cc1991 |
||
| 265 | _aFaith Publications Co., P.O. Box 237, Milford, OH 45150 | ||
| 300 |
_a324 p. : _bill. ; _c22 x 14 cm |
||
| 600 | 0 | 0 |
_aMary, _cBlessed Virgin, Saint _xApparitions and miracles _zUkraine _zHrushiv |
| 600 | 1 | 0 | _aTereli︠a︡, Ĭosyp |
| 650 | 4 |
_aCarmelite Nuns _xBooks and reading. |
|
| 650 | 0 |
_aPersecution _zUkraine _y1945- |
|
| 650 | 0 |
_aVisionaries _zUkraine _zHrushiv |
|
| 650 | 0 |
_aChurch and state _zUkraine _y1945- |
|
| 651 | 0 |
_aHrushiv (Ukraine) _xReligious life and customs |
|
| 700 | 1 |
_aBrown, Michael Harold, _d1952- |
|
| 942 |
_2ddc _cBK |
||